Pokémon - Les attaques de Vémini - Statistiques

Statistiques générales
  • Ce quiz a été pris 12 fois
  • Le résultat moyen est 7 sur 14
Statistiques - réponses
Niveaux Types Noms des attaques % Correct
Niveau 28 Poison Choc Venin
100%
Niveau 49 Poison Direct Toxik
100%
Niveau 21 Fée Charme
75%
Niveau 35 Poison Piège de Venin
75%
Niveau 63 Poison Toxik
75%
Départ Poison Acide
50%
Niveau 14 Insecte Dard Mortel
50%
Départ Dragon Draco-Choc
50%
Niveau 42 Ténèbres Machination
50%
Départ Vol Picpic
25%
Niveau 56 Poison Suc Digestif
25%
Départ Normal Coup d'Main
0%
Niveau 7 Normal Furie
0%
Départ Normal Rugissement
0%
Aucun quiz correspondant
Distribution des résultats
% des personnes avec chaque résultat
Percentile par nombre de réponses
Votre historique - résultats
Vous n’avez pas pris ce quiz